00462nam a22001457a 4500003000400000005001700004008004100021040001100062082001500073100003200088245010800120260002600228300003600254700002600290OSt20230301131604.0190522b xxu||||| |||| 00| 0 eng d clado v a779bL864s aLopez, Mario Albertoeautor aSeminario de investigación/ bSedimento - Una investigación que nace a partir de una fotografía// aGuatemalabYaxsc2017 a12p.btrae dos afichesc13x20cm aDe Leon, Jorgeeautor